00682 2200253 4500001002100000005001700021008004100038020002200079035002500101040001200126082001400138084001600152100002000168245004300188250001100231260003500242300003500277504003000312650002000342850001200362990001800374990001800392990001800410INLIS00000000000739120150929095729.0  a978-602-18656-4-4 a0010-071500000000074 aYOPDYOG 223a371.4 a371.4 Mak P aMAKMUN Khairani aPsikologi konselingc/ Makmun Khairani aCet. 1 aSlemanbAswaja Pressindoc2014 ax, 146 hlm.b: ilus.c; 23 cm. aBibliografi: hlm. 141-143 aPendidikan anak aYOPDYOG a18755-PD/B.15 a18756-PD/B.15 a18757-PD/B.15